Cargando...
Mahaprasthan
| Autor principal: | |
|---|---|
| Formato: | Printed Book |
| Lenguaje: | Hindi |
| Publicado: |
New Delhi
Lokabharathi Prakashan
2004
|
| Materias: |
| LEADER | 00542 a2200169 4500 | ||
|---|---|---|---|
| 008 | 131003b xxu||||| |||| 00| 0 hin d | ||
| 082 | |a 861.6M1 | ||
| 100 | |a Mehta Naresh | ||
| 245 | |a Mahaprasthan |c Naresh Mehta | ||
| 260 | |a New Delhi |b Lokabharathi Prakashan |c 2004 | ||
| 300 | |a 145p. |c 18cm. | ||
| 546 | |a in hindi | ||
| 650 | |a hindi poetry | ||
| 942 | |2 ddc |c BK | ||
| 600 | |a Naresh Mehta | ||
| 999 | |c 99960 |d 99960 | ||
| 952 | |0 0 |1 0 |4 0 |6 861_000000000000000_6M1MAH_H |7 0 |9 99391 |a UL |b UL |c ST1 |d 2013-01-31 |e 2 |g 14.00 |l 0 |o 861.6M1MAH H |p 88768 |r 2013-06-28 |v 20.00 |y BK | ||